00454nam a2200121Ia 4500008004100000020001800041100002500059245011100084260004900195300002000244500002600264650004200290191017s9999 xx 000 0 und d a9789719811503 aDoria, Ma. Cristina. cMa. Cristina Doria.--aPharmaceutical inorganic chemistry (with qualitative chemistry):bLaboratory manual aQuezon City:bC & E Publishing, Inc.,c2018. avii, 169 pages: aIncludes bibliography aChemistry--Medical and phramaceutical